| 000 | 00686nam a2200205 i 4500 | ||
|---|---|---|---|
| 001 | 100654 | ||
| 003 | ES-MaACL | ||
| 005 | 20230906182721.0 | ||
| 007 | t| | ||
| 008 | 051004s1972 sp ||||1| spa d | ||
| 100 | 1 |
_aMasina, Ettore. _978723 |
|
| 245 | 1 | 0 |
_aRevolución _b: magisterio, teología y mundo moderno / _cEttore Masina, José M. Díez-Alegría, Enrico Chiavacci; [tradujo Joaquín G. Carrasco]. |
| 260 |
_aPamplona : _bDinor, _c1972. |
||
| 300 |
_a201 p. ; _c18 cm. |
||
| 700 | 1 |
_aDíez Alegría, José María. _9182604 |
|
| 700 | 1 |
_aChiavacci, Enrico. _938473 |
|
| 700 | 1 |
_aCarrasco, Joaquín G. _935529 |
|
| 852 |
_aES-MaACL _jC-47636 _bR.80657 |
||
| 999 |
_c100654 _d100654 |
||